Cine II: los signos del movimiento y el tiempo
Wedi'i Gadw mewn:
| Prif Awdur: | |
|---|---|
| Fformat: | Llyfr |
| Iaith: | Sbaeneg |
| Cyhoeddwyd: |
Buenos Aires
Cactus
2011
|
| Rhifyn: | 1a. ed |
| Cyfres: | Clases, 7
|
| Pynciau: | |
| Tagiau: |
Ychwanegu Tag
Dim Tagiau, Byddwch y cyntaf i dagio'r cofnod hwn!
|
MARC
| LEADER | 00000cam a2200000 a 4500 | ||
|---|---|---|---|
| 001 | UCF1542 | ||
| 003 | CL-VaPUC | ||
| 008 | 120711e20110000AG |||||||||||||||||spa|d | ||
| 020 | |a 9789872621933 | ||
| 082 | 0 | 4 | |a 778.5 |b DEL |2 21 |
| 100 | |a Deleuze, Gilles |e author |9 487836 | ||
| 245 | 1 | 0 | |a Cine II: los signos del movimiento y el tiempo |
| 250 | |a 1a. ed | ||
| 300 | |a 671 p | ||
| 942 | |c BK | ||
| 945 | |d 20120711 00:00:00 |a cmena | ||
| 260 | |a Buenos Aires |b Cactus |c 2011 | ||
| 650 | 0 | |a Cinematografía |9 265198 | |
| 650 | 0 | |a Filosofía del arte |9 264951 | |
| 650 | 0 | |a Escuelas filosóficas |9 266232 | |
| 583 | |a last modification |c 20120814 11:51:09 |k Rodrigo Vera | ||
| 490 | 0 | |a Clases, 7 | |
| 999 | |c 348269 |d 348267 | ||
| 952 | |0 0 |1 0 |4 0 |6 778_500000000000000_DEL_2011 |7 0 |8 R |9 450228 |a BIBART |b BIBART |d 2019-11-22 |i 4882385 |l 1 |m 1 |o 778.5 DEL 2011 |p 4882385 |r 2025-03-13 |s 2024-11-07 |w 2019-11-22 |y BK_R |k ART | ||
| 952 | |0 0 |1 2 |4 0 |6 778_500000000000000_DEL_2011 |7 0 |8 A |9 450229 |a BIBGIM |b BIBGIM |d 2019-11-22 |i 4894294 |o 778.5 DEL 2011 |p 4894294 |r 2019-11-22 |w 2019-11-22 |y BK |k SSL | ||